| 000 | 00896nam a2200265 a 4500 | ||
|---|---|---|---|
| 001 | 26004 | ||
| 003 | CO-ViMGA | ||
| 008 | 141112s2004 ck r 000 u spa d | ||
| 015 | _ack - 2012 - xxxx | ||
| 020 | _a9789584231369 | ||
| 040 |
_aCO-ViMGA _bspa _cCO-ViMGA |
||
| 082 | 0 | 4 | _a813.6 K78a |
| 100 | 1 |
_aLowry, Lois _940586 |
|
| 245 | 1 | 0 |
_aAnastasia Krupnik / _cLois Lowry ; traducción de Flora Casas ; ilustraciones de Gerardo R. Amechazurra |
| 260 |
_aBogotá : _bPlaneta, _cc2012 |
||
| 300 | _a182 p. : il. ; 19 cm | ||
| 490 | _aPlaneta lector : rojo | ||
| 490 | _aPlaneta rojo | ||
| 500 | _aIncluye datos biográficos del autor | ||
| 521 | _aDesde 10 años | ||
| 650 | 1 | 4 |
_aNovela infantil estadounidense - Siglo XXI _940587 |
| 700 | 1 |
_aCasas, Flora, traductora tr. _940588 |
|
| 942 |
_2ddc _cBK |
||
| 990 | _aGrupo Planeta 2 ejemplares 21 31/03/2014 n a918868 19/03/2014 17/03/2014 | ||
| 999 |
_c33237 _d33237 |
||